000 01102cam a2200277 i 4500
003 SA-RiAUC
005 20250421092632.0
008 250410s1949 iq g 000r0 ara c
040 _aSA-RiAUC
_bara
_cSA-RiAUC
_erda
043 _aa-iq---
082 0 4 _a811.9567
090 _aن 811.9567
_b م ع ر
100 0 _aمعروف الرصافي،
_d1877-1945
_eمؤلف.
245 1 0 _aديوان الرصافي /
_cشرحه وصححه مصطفى السقا.
250 _aالطبعة الثالثة.
264 1 _aبغداد :
_bالمكتبة العصرية،
_c[1949]
300 _a554 صفحة ؛
_c24 سم
336 _aنص
_btxt
_2rdacontent
_3كتاب
337 _aبدون وسيط
_bn
_2rdamedia
338 _aمجلد
_bnc
_2rdacarrier
500 _aتم فصل هذه النسخه من كتاب الترحيب رقم 123383 فى مجلد مستقل.
650 7 _aالشعر العربي
_zالعراق
_xتاريخ ونقد
_yقرن 20
_2aucsh
700 1 _aالسقا، مصطفى،
_d1895-1969
_eشارح.
942 _2ddc
_cRARE BOOK
_n0
949 _aSA-JeALM
_d250410
_umohamedma123
_n1
999 _c7277
_d7277